• 首页
  • 本馆介绍
  • 公告通知
  • 最新文献
  • 馆藏检索
  • 电子资源
  • 读者导购
  • 参考咨询
  • 我的图书馆
  • 登录
  • 详细信息显示
  • 放入我的书架
  • 预约/预借图书
  • 作者相关作品
  • 分类相关作品
  • 丛书相关作品
  • 出版社相关作品

书目信息

  • 表格格式
  • 工作单格式
  • 卡片格式
题名:
高校论文写作和调研方法实用手册
    
 
作者: 杨炳军 编著
分册:  
出版信息: 北京   中国三峡出版社  2010
页数: 197页
开本: 23cm
丛书名:
单 册:
中图分类: G642.477
科图分类:
主题词: 毕业论文--写作--高等学校--自学参考资料 , 毕业论文 , 写作
电子资源:
ISBN: 978-7-80223-465-9
000 00895nam0 2200253 450
001 012001003193
005 20130125114510.0
010    @a978-7-80223-465-9@dCNY26.00
100    @a20111124d2010 em y0chiy50 ea
101 0  @achi
102    @aCN@b110000
105    @ay z 000yy
106    @ar
200 1  @a高校论文写作和调研方法实用手册@9gao xiao lun wen xie zuo he diao yan fang fa shi yong shou ce@f杨炳军编著
210    @a北京@c中国三峡出版社@d2010
215    @a197页@d23cm
330    @a本书主要是以高效论文写作和调研方法的基本理论为主线,通过大量的研究调研理论和具有事例使学生能够通俗易懂地理解论文写作的基本方法和如何去为自己的论文进行调研。
606 0  @a毕业论文@x写作@x高等学校@j自学参考资料
606 0  @a毕业论文
606 0  @a写作
690    @aG642.477@v4
701  0 @a杨炳军@9yang bing jun@4编著
801  0 @aCN@b江苏凤凰@c20191020
905    @b1217574-7@dG642.477@e1230@f4
    
    高校论文写作和调研方法实用手册/杨炳军编著.-北京:中国三峡出版社,2010
    197页;23cm
    
    
    ISBN 978-7-80223-465-9:CNY26.00
    本书主要是以高效论文写作和调研方法的基本理论为主线,通过大量的研究调研理论和具有事例使学生能够通俗易懂地理解论文写作的基本方法和如何去为自己的论文进行调研。
●
相关链接 在E读中查询图书 在五车中查询图书 在当当中查询图书 在豆瓣中查询图书


正题名:高校论文写作和调研方法实用手册     索取号:G642.477/1230         预约/预借

序号 登录号 条形码 馆藏地/架位号 状态 备注
1 1217574   212175741   第一样本阅览室/ [索取号:G642.477/1230] 在馆    
2 1217575   212175750   教育系资料室/ [索取号:G642.477/1230] 在馆    
3 1217576   212175769   教育系资料室/ [索取号:G642.477/1230] 在馆    
4 1217577   212175778   第四借阅区/ [索取号:G642.477/1230] 在馆    
唐山师范学院图书馆 欢迎您!
大连网信软件有限公司© 版权所有